| 000 | 01043nam a2200217 i 4500 | ||
|---|---|---|---|
| 001 | 132970 | ||
| 003 | ES-MaACL | ||
| 005 | 20250721144339.0 | ||
| 007 | t| | ||
| 008 | 070214s1906 sp |||| | eng d | ||
| 100 | 1 |
_aRoso de Luna, Mario, _d1872-1931 _999794 |
|
| 245 | 1 | 4 |
_aThe agreement of eastern with western astronomy / _cM. Roso de Luna. |
| 260 |
_aLondon : _bThe Gresham Press, _c[1906] |
||
| 300 |
_a29 p. ; _c25 cm. |
||
| 530 | _aDisponible en formato digital. | ||
| 595 | _aEn cub.: Reprinted from the transactions of the Third Congress of the Theosophical Society, 1906. | ||
| 650 | 7 |
_aAstronomía _2embne _910386 |
|
| 852 |
_aES-MaACL _jT-1163-F-6 _z- Dedicatoria autógrafa del autor _z- Anot. manuscrita del autor: "Algo relativo a este trabajo, y relacionándolo con el pueblo atlante, se publicó en la Rev. Ateneo, sept. u oct. de 1906, en la primera página" |
||
| 856 |
_uhttp://bvpb.mcu.es/es/consulta/registro.cmd?id=449862 _zBiblioteca Virtual del Patrimonio Bibliográfico |
||
| 999 |
_c132970 _d132970 |
||